000 00538nam a2200169 4500
001 136079
003 ES-MaACL
005 20230906195030.0
007 t|
008 070214s1981 sp r ||||1| spa d
100 1 _aRoxin, Claus.
_9100192
245 1 0 _aCulpabilidad y prevención en Derecho Penal /
_cClaus Roxin ; traducción, introducción y notas de Francisco Muñoz Conde.
260 _aMadrid :
_bReus,
_c1981.
300 _a200 p. ;
_c19 cm.
700 1 _aMuñoz Conde, Francisco.
_984376
852 _aES-MaACL
_jL-614
_bR.101346
999 _c136079
_d136079